Normal view
MARC view
- Berthouex, P. Mac
Entry Personal Name
001 - CONTROL NUMBER
- control field: 6090
003 - CONTROL NUMBER IDENTIFIER
- control field: NUST
005 - DATE AND TIME OF LATEST TRANSACTION
- control field: 20171107120517.0
008 - FIXED-LENGTH DATA ELEMENTS
- fixed length control field: 171107|| aca||aabn | a|a d
040 ## - CATALOGING SOURCE
- Original cataloging agency: NUST
- Transcribing agency: NUST
100 ## - HEADING--PERSONAL NAME
- Personal name: Berthouex, P. Mac
- Fuller form of name: (Paul Mac),
- Dates associated with a name: 1940-
670 ## - SOURCE DATA FOUND
- Source citation: Work cat.: (NUST)0: Berthouex, P. Mac (Paul Mac), 1940-, Statistics for environmental engineers /, c1994.
